| 000 | 00708nam a22002657a 4500 | ||
|---|---|---|---|
| 001 | 0114 | ||
| 003 | DO-SdBNP | ||
| 005 | 20151112143445.0 | ||
| 007 | 0114 | ||
| 008 | 151005b1986 sp 00| 0 spa d | ||
| 040 |
_aBPMSU _bspa _cBPMSU |
||
| 092 |
_aXXXX _bXXXX |
||
| 100 | 1 |
_aStevenson, R. L _cRobert Louis Stevenson _d1850-1894 |
|
| 240 | 1 | 4 |
_aThe treasure island / _leng |
| 245 | 1 | 3 |
_aLa isla del tesoro / _cR. L. Stevenson ; ilustraciones Miguel Garcia |
| 250 | _a6a. ed. | ||
| 260 |
_aBarcelona : _bBruguera, _c1986. |
||
| 300 |
_a223 p. : _bil. _c13 cm. |
||
| 490 | 1 |
_aBruguera _v3 |
|
| 700 | 1 | 2 |
_aGarcia, Miguel _eil. |
| 830 | 0 |
_aBruguera _n3 |
|
| 910 | _a202 | ||
| 942 |
_2ddc _cBK |
||
| 956 | _aYngrid Lockward | ||
| 999 |
_c8662 _d8662 |
||